[Event "Horgen"]
[Site "Horgen"]
[Date "1995.10.30"]
[Round "9"]
[White "Kortschnoj, Viktor Lvovich"]
[Black "Timman, Jan H"]
[Result "1-0"]
[WhiteElo "2635"]
[BlackElo "2595"]
[Annotator "Kortschnoj,V"]
[PlyCount "63"]
[EventDate "1995.10.??"]
[EventType "tourn"]
[EventRounds "11"]
[EventCountry "SUI"]
[EventCategory "17"]
[SourceTitle "CBM 050"]
[Source "ChessBase"]
[SourceDate "1996.02.01"]
[SourceVersion "1"]
[SourceVersionDate "1996.02.01"]
[SourceQuality "1"]

1. d4 {Ftacnik Dautov} Nf6 2. c4 e6 3. Nc3 Bb4 4. e3 O-O 5. Bd3 d5 6. Nf3 b6 7.
a3 (7. Qb3 {Ftacnik} Be7 8. O-O Nc6 9. cxd5 exd5 10. Ne5 Bb7 11. Rd1 a6 12. Bd2
Nxe5 13. dxe5 Ng4 14. Qc2 h6 15. Ne2 Nxe5 16. Bh7+ Kh8 {Polugaevsky,
L-Shamkovich,L/URS-ch27 Leningrad (04)/1960/1/2-1/2 (40)}) (7. cxd5 {Ftacnik}
exd5 8. O-O Re8 9. Ne5 Bb7 10. Qa4 Bd6 11. f4 c5 12. Bd2 a6 13. Be1 b5 14. Qd1
c4 15. Bc2 Nbd7 16. Bh4 Be7 {Conquest,S-Schandorff,L/Copenhagen op/1988/1-0 
(35)}) 7... Bd6 $6 (7... Bxc3+ 8. bxc3 Ba6 (8... dxc4 9. Bxc4 Bb7 10. O-O c5
11. Re1 Nbd7 12. Bd3 $14) 9. cxd5 Bxd3 10. Qxd3 Qxd5 (10... exd5 11. c4 Nc6 12.
Bb2 Na5 $132) 11. c4 $14 (11. O-O c5 12. Re1 Qe4 $1 13. Qe2 Rc8 14. Bb2 Nbd7
15. Rac1 h6 16. Nd2 Qb7 17. e4 cxd4 18. cxd4 Rxc1 19. Rxc1 Rc8 $10 {Speelman,
J-Ehlvest,J/Linares 1991}) (11. c4 Qb7 12. Bb2 Nbd7 13. Rd1 Rfd8 14. O-O Rac8 {
Granda Zuniga,J-Tal,M/Buenos Aires 1991})) (7... Be7 {Dautov} 8. cxd5 exd5 9.
b4 $14) 8. e4 dxe4 9. Nxe4 Nbd7 $8 (9... Bb7 $2 10. Nxf6+ Qxf6 11. Bg5 Bxf3 12.
Qd2 Bf4 13. Bxf4 $18 (13. Bxf4 Bb7 (13... Bxg2 {Dautov} 14. Rg1 Bb7 15. Be5 $18
) 14. Bg5 $18)) (9... Nxe4 10. Bxe4 c6 11. Qc2 $14) 10. O-O Bb7 {There is the
growing tendency in modern chess to develop the pieces to decent squares and
try to start real fight from this solid basis. Thus black was not excited
about white's achievement of pushing e3-e4.} 11. Nxd6 (11. Nxf6+ Nxf6 $13)
11... cxd6 12. Bg5 h6 13. Bh4 d5 (13... Qc7 14. Rc1 $14) 14. cxd5 $2 (14. b3
dxc4 15. bxc4 $16 (15. bxc4 {Dautov} Qc7 16. Bg3 Qc6 $132)) 14... Bxd5 (14...
exd5 15. Re1 $14) 15. Re1 Qc7 16. Ne5 Rfc8 $1 (16... Qb7 $5 {Dautov} 17. Nxd7
Nxd7 18. Qg4 f5 $132) (16... Nxe5 {Ftacnik} 17. dxe5 Nd7 18. Rc1 Qb7 19. Qg4
$16) 17. Re3 {Kortschnoj understands, that despite bishops's pair his position
can well become worse due to the d4 isolated pawn. The absence of dark square
bishop makes the attacking chances better than usual.} Bb7 (17... Nxe5 18. dxe5
(18. Bxf6 Nxd3 19. Qg4 g6 (19... Qc1+ $2 20. Re1 $16) 20. Rxd3 Qc2 21. Qf4 Qxb2
22. Rf1 g5 23. Rg3 Rc3) 18... Nd7 19. Qh5 $40 {/\Bf6} (19. Qd2 $140 {Ftacnik}
Nxe5 20. Bg3 Nc4)) 18. Qd2 (18. Nxd7 Nxd7 19. Qg4 f5 $13 (19... Qd6 {Dautov}
20. Rg3 Qf8 21. Be7 f5 22. Bxf8 fxg4 23. Bb4 h5 24. Bg6 Nf6 25. Be7 $16)) 18...
Nxe5 (18... Nd5 19. Nxd7 Nxe3 20. Nf6+ gxf6 21. Qxe3 Kg7 22. Re1 Qd6 $13) 19.
dxe5 Nd5 $10 (19... Ng4 $2 {Dautov} 20. Rg3 $16) 20. Re4 {/\Rae1,Rg4} (20. Rg3
$2 Qxe5 (20... Kf8 {Ftacnik} 21. Re1 g5 $5) 21. Qxh6 f5 $17) (20. Rg3 {Ftacnik}
) 20... Kf8 21. Rae1 Qc5 (21... Qd7 {Ftacnik} 22. Rg4 $40) 22. Rg4 (22. Rc4 {
Ftacnik} Qa5 23. Qxa5 bxa5 $13) 22... Rc7 (22... Qa5 $5 23. Qxa5 bxa5 $10) 23.
Bh7 $5 {/\Qxh6} (23. Rc4 $6 Qxc4 $1 24. Bxc4 Rxc4 $15 (24... Rxc4 {Dautov} 25.
Bg3 Rac8 $10)) 23... g5 $8 (23... Ne7 24. Bxe7+ Rxe7 25. Qxh6 f5 26. Qf4 $18) (
23... Qa5 $2 {Dautov} 24. b4 Qxa3 25. Qxh6 $18) (23... Rac8 24. Qxh6 $1) 24.
Bg3 (24. Rxg5 $2 {Ftacnik} hxg5 25. Qxg5 Ke8) (24. Bxg5 {Ftacnik} hxg5 25. Qxg5
Rac8 26. Qh4 Ke8) 24... f5 {Das ist die Partieforrsetzung. Im Turnier-Bulletin
steht falsch 24...f6 25.ef6 mit Übergang zur Partiefortsetzung.} (24... Rd7 $5
25. Rd4 Rad8 $10) 25. exf6 Rxh7 26. h4 gxh4 (26... Kf7 {Dautov} 27. hxg5 hxg5 (
27... Rg8 28. g6+ Rxg6 29. Rxg6 Kxg6 30. Qd3+ $18) 28. Qxg5 (28. Rc1 Rah8 $1
29. Bh4 Qb5 (29... Qxc1+ 30. Qxc1 Rxh4 $17) 30. Qxg5 Qxb2 31. Qg6+ Kf8 32. Rgc4
Nc7 $1 33. Rxc7 $140 Rxc7 34. Rxc7 Qa1+ 35. Kh2 Qe5+ $19) 28... Nxf6 (28... Qc2
$1 {Ftacnik} 29. Qg7+ (29. Qe5 Qf5) 29... Rxg7 30. Rxg7+ Ke8 (30... Kxf6 31.
Be5+ Kf5 32. g4#) (30... Kf8 31. Bd6+ Ke8 32. f7+ $18) 31. Rxe6+ (31. Rxb7 Qc6
$1) 31... Kd8 32. Rg8+ (32. Rd6+ Ke8) 32... Kd7 33. Rd6+ Kc7 34. Rg7+ (34.
Rxd5+ Kc6 35. Rd6+ Kb5) (34. f7 Qd1+ 35. Kh2 Qh5+ $10) 34... Kc8 $10) 29. Qg6+
Ke7 30. Rf4 Rf7 31. Rxf6 Rxf6 32. Qg7+ Rf7 33. Bh4+ $18) (26... Rd7 {Dautov}
27. hxg5 Qc6 28. g6 Nxf6 29. Qxh6+ Kg8 30. Be5 Rf8 31. g7 $18) 27. Rxh4 $2 (27.
Be5 $1 Qc6 (27... h5 28. Rg6 $40) 28. Qd3 Rf7 29. Qg6 $40) 27... Qc6 {[%cal
Rc6g2]} (27... Kf7 {Dautov} 28. Rxh6 Rxh6 (28... Rah8 29. Qe2 $1 {/\Qh5,/\Qxe6}
Rxh6 30. Qxe6+ Kg6 31. Qg4+ Kxf6 32. Be5+ Kf7 33. Qg7+ Ke6 34. Bf4+ Ne3 35.
Bxh6 $18) 29. Qxh6 Nxf6 30. Rc1 Qd5 31. Rc7+ Nd7 32. Qh7+ Ke8 (32... Kf8 33.
Rxb7 Qxb7 34. Bd6+ Ke8 35. Qe7#) (32... Kf6 33. Bh4+ Ke5 34. Qg7+ $18) 33. Qg8+
Ke7 34. Qg7+ Ke8 (34... Kd8 {Ftacnik} 35. f3 e5 36. Bxe5 $16) 35. Bh4 Qxg2+ 36.
Qxg2 Bxg2 37. Kxg2 $16) (27... Nxf6 $4 {Ftacnik} 28. Bd6+) 28. Rc1 (28. Rxh6 $4
{Dautov} Nf4 29. Qb4+ Kg8 $19) 28... Qd7 (28... Nc3 $2 29. Qd6+ $16 (29. Qd6+ {
Dautov} Qxd6 30. Bxd6+ Kf7 31. Rxc3 Kxf6 32. Rf4+ Kg5 33. Rg3+ Kh5 34. Be5 $18
{/\Bf6})) 29. Rxh6 Rc8 $2 (29... Qf7 $1 30. Be5 (30. Rc4 {Dautov} Rxh6 31.
Qxh6+ Ke8 32. Bh4 $1 {/\} Kd7 33. Rg4 Rg8 34. Rxg8 Qxg8 35. Qg7+ Qxg7 36. fxg7
$18) 30... Ke8 $44 (30... Ke8 31. Rc4 Rxh6 32. Qxh6 Kd7 33. Rg4 Rg8 $17) (30...
Rc8 $2 31. Bd6+ Kg8 (31... Ke8 32. Rxc8+ Bxc8 33. Qc2 $18) 32. Qg5+ Kh8 33.
Rxc8+ Bxc8 34. Rg6 Bb7 35. Be5 $18 {/\Rg8})) (29... Rd8 {Dautov} 30. Rc4 Qf7
31. Rch4 Rxh6 32. Rxh6 Ke8 33. Qg5 $44) (29... Rxh6 {Ftacnik} 30. Qxh6+ Kg8 31.
Qg6+ Kf8 32. Bd6+ $1 Qxd6 33. Qg7+ Ke8 34. f7+) (29... Qf7 $5 {Ftacnik}) 30.
Bd6+ $1 $18 Ke8 (30... Kg8 31. Qg5+ Kh8 32. Rxc8+ Bxc8 33. f7 Qxf7 34. Be5+ $18
) (30... Qxd6 {Dautov} 31. Rxc8+ Bxc8 32. Rxh7 $18 (32. Rxh7 {Ftacnik} Qf4 33.
Qc2 Ba6 34. Rh8+ Kf7 35. Qh7+ Kxf6 36. Rf8+ $18)) 31. Rxc8+ Bxc8 32. f7+ $1 (
32. f7+ Qxf7 33. Qc2 $18 {[%cal Rc2c8,Rc2h7]} (33. Qc2 Rxh6 34. Qxc8#)) 1-0

[Event "EU-Cup 30th"]
[Site "Bilbao"]
[Date "2014.09.20"]
[Round "7.2"]
[White "Zhigalko, Andrey"]
[Black "Van Kampen, Robin"]
[Result "0-1"]
[WhiteElo "2584"]
[BlackElo "2637"]
[Annotator "Krasenkow,M"]
[PlyCount "84"]
[EventDate "2014.09.14"]
[EventType "team-swiss"]
[EventRounds "7"]
[EventCountry "ESP"]
[SourceTitle "CBM 163"]
[Source "ChessBase"]
[SourceDate "2014.11.11"]
[SourceVersion "1"]
[SourceVersionDate "2014.11.11"]
[SourceQuality "1"]
[WhiteTeam "Minsk"]
[BlackTeam "Huginn"]
[WhiteTeamCountry "BLR"]
[BlackTeamCountry "ISL"]

1. c4 e6 2. Nc3 Nf6 3. d4 Bb4 4. Nf3 d5 5. e3 O-O 6. Be2 b6 7. O-O Bb7 8. Bd2 {
The whole 5.e3 line is harmless, and the text move is particularly passive.} (
8. a3 {or}) (8. cxd5 {are usually played.}) 8... dxc4 {Black transposes to a
well-known position which usually arises when White plays Bf1-d3.} (8... Nbd7
$2 {is a well-known blunder: White wins a pawn by means of} 9. Nxd5 $1 Nxd5 10.
cxd5 Bxd2 11. dxe6 Bxe3 12. exf7+ Rxf7 13. fxe3 {1-0 (30) Ivanisevic,I (2624)
-Farago,I (2452) Deizisau 2014 (the most recent example from GM practice)}) (
8... Bd6 {is possible, e.g.} 9. Rc1 a6 10. Qb3 $6 dxc4 11. Qxc4 Nbd7 12. Rfd1
b5 13. Qb3 c5 $36 {1/2 (56) Stern,R (2509)-Graf,A (2607) Berlin 2013}) 9. Bxc4
Nbd7 ({The immediate} 9... c5 {is often seen in practice, too.}) 10. Qe2 Qe7 (
10... c5 11. Rfd1 {etc. is a more classic continuation. With the text move
Black keeps the option to play ...e6-e5 instead of ...c7-c5.}) 11. a3 (11. Ne5
Nxe5 12. dxe5 Ne4 13. Nxe4 Bxe4 14. Rfd1 Bxd2 15. Rxd2 Qc5 16. f4 Rad8 17. Rad1
Rxd2 18. Rxd2 a5 $11 {1-0 (47) Letelier Martner,R (2310)-Donner,J (2500)
Havana 1971}) 11... Bxc3 (11... Bd6 12. e4 $1 (12. Nb5 a6 13. Nxd6 cxd6 14.
Rfc1 Rfc8 15. Bd3 {1/2 (15) Rukavina,J (2415)-Bukic,E (2480) Borovo 1981})
12... e5 13. d5 Nh5 14. g3 g6 15. Nb5 $36 {1-0 (66) Sugden,J (2173)-Eggleston,
D (2368) Hastings 2009}) 12. Bxc3 Ne4 13. Rfc1 (13. Rac1 a5 (13... c5 $11) 14.
Rfd1 Rfc8 15. Be1 Nd6 16. Bd3 c5 17. e4 cxd4 18. Nxd4 Rxc1 19. Rxc1 Nc5 $11 {
1-0 (38) Jakab,A (2350)-Vajda,A (2438) Goed 2004}) (13. Bb4 c5 14. dxc5 bxc5 (
14... Ndxc5 $11) 15. Ba5 Nb6 16. Ba2 Bd5 $11 {1-0 (50) Andersen,D (2245)
-Jakobsen,O (2385) Copenhagen 2005}) 13... c5 $11 {Black has fully equalised.
White's bishop pair is of no importance due to Black's strong e4-knight.} 14.
Be1 Nd6 15. Ba6 Bxa6 16. Qxa6 Rfc8 17. a4 Qe8 18. Qe2 a5 19. h3 h6 20. Qd1 Rd8
21. Qb3 Rab8 22. Qa3 Nf5 23. Bc3 (23. dxc5 Nxc5 24. b4 Nd3 25. Rc7 {was a
simpler way to keep the balance.}) 23... cxd4 24. Nxd4 Nxd4 25. Bxd4 e5 26. Bc3
Nc5 {[%mdl 32] In such positions with pawn chains a knight can be stronger
than the bishop restricted by the e5-pawn.} 27. b4 {Missing a chance to
simplify the game:} (27. Bxa5 Nd3 28. Rd1 Nxf2 (28... e4 29. Bc3 Qe6 {was what
White probably feared but he should not be in any real danger here}) 29. Rxd8
Qxd8 30. Bc3 {[%cal Rc3e5]} Nd3 31. Rd1 e4 32. Qb3 {, and White should hold on.
}) 27... Nd3 28. Rcb1 axb4 29. Bxb4 Qc6 $15 {Now White's bishop is completely
unemployed, and Black's d3-knight dominates the board.} 30. Ra2 (30. a5 {
, to get rid of queenside pawns, was a better defensive chance.}) 30... Qe4 31.
Rb3 Rd5 32. Bc3 $2 {[%mdl 8192]} (32. a5 {was still possible, albeit in an
inferior version.}) 32... Rc8 $2 {Both players were probably under time
pressure, hence serious inaccuracies.} (32... Nf4 $1 33. exf4 Rd1+ 34. Kh2
Qxf4+ 35. g3 Qe4 36. f3 Qxf3 37. Be1 Qf1 {led to a decisive material advantage
for Black.}) 33. Bd2 $2 (33. Kh2 $142) 33... Qf5 $6 (33... Nc1 $1 34. Bxc1 Rd1+
35. Kh2 Rcxc1 $19 {-> was even stronger.}) 34. Bc3 (34. f3 e4 35. f4 Nc1 $1 36.
Bxc1 Rd1+ 37. Kf2 Rcxc1 38. Rxb6 Rh1 $19) (34. Kh2 Nxf2 35. Rxb6 e4 {did not
leave him much hope either.}) 34... Nxf2 $1 $19 35. Rd2 Rxd2 (35... Nxh3+ $1
36. gxh3 Rxc3 $1 37. Rxd5 Rc2 $19) 36. Bxd2 Rc6 37. e4 Nxe4 38. Be3 Ng3 39. Qa1
Rc2 40. Qe1 Ne2+ 41. Kh1 Qe4 42. Bd2 Qd5 0-1

[Event "Moscow FIDE GP"]
[Site "Moscow"]
[Date "2017.05.14"]
[Round "3"]
[White "Mamedyarov, Shakhriyar"]
[Black "Adams, Michael"]
[Result "1-0"]
[WhiteElo "2772"]
[BlackElo "2747"]
[Annotator "Krasenkow,M"]
[PlyCount "59"]
[EventDate "2017.05.12"]
[EventType "swiss"]
[EventRounds "9"]
[EventCountry "RUS"]
[SourceTitle "CBM 179"]
[Source "ChessBase"]
[SourceDate "2017.07.12"]
[SourceVersion "1"]
[SourceVersionDate "2017.07.12"]
[SourceQuality "1"]

1. d4 Nf6 2. c4 e6 3. Nc3 Bb4 4. Nf3 b6 5. e3 Bb7 6. Bd3 O-O 7. O-O d5 8. cxd5
exd5 9. a3 Bd6 10. b4 Nbd7 11. Qb3 a6 12. a4 Qe7 13. Rb1 {The idea of this
move is the following: White wants to play b4-b5, in the event of ...a6xb5
recapture with the a-pawn, cutting off and thus weakening Black's d5-pawn); if
Black prefers ...a6-a5, White will come back to the plan of the exchange of
dark-squared bishops (Rb1-a1 and Bc1-a3). Such a favorable modification of the
pawn structure will be worth two tempi.} (13. Ba3 {[%cal Yb4b5] is a more
straightforward plan. In that case, however, b4-b5 is not so powerful since
after ...a6xb5 White will have to recapture with the knight, and Black's d5
pawn will not be weak:} Rfd8 (13... Rfb8 $5 14. Rfb1 c5 15. bxc5 bxc5 16. dxc5
Nxc5 17. Bxc5 Bxc5 18. Ne2 a5 19. Ned4 g6 20. Rc1 {1/2 (20) Korobov,A (2700)
-Laznicka,V (2676) Poikovsky 2015}) (13... c6 $5 14. Rfc1 Rab8 15. b5 axb5 16.
Bxd6 Qxd6 17. axb5 c5 18. Bf5 Ra8 19. Qb2 g6 $11 {1/2 (23) Schloesser,F (2475)
-Mannermaa,J (2500) ICCF 1997}) 14. b5 (14. Rfe1 Nf8 15. b5 Bxa3 16. bxa6 $5
Bxa6 17. Bxa6 Rxa6 18. Rxa3 c5 19. Ra2 Ne4 $11 {1/2 (49) Jussupow,A (2655)
-Timman,J (2620) Linares 1992 Candidates [Jussupow,A]}) 14... Bxa3 15. bxa6
Bxa6 16. Bxa6 Rxa6 17. Rxa3 c6 18. Ra2 Rda8 19. Rc1 h6 20. Rac2 Qd6 $11 {
1-0 (42) Jussupow,A (2655)-Benjamin,J (2610) Amsterdam 1994 CBM 043 [Jussupow,
A]}) (13. b5 axb5 14. Nxb5 {turns out to be a bit premature as Black obtains
counterplay by means of} c5 $1 15. Ba3 (15. Nxd6 Qxd6 16. Bf5 c4 17. Qc2 Rfe8
18. Bb2 Bc8 {1/2 (18) Gligoric,S (2565)-Stean,M (2530) Vienna 1980}) 15... Ba6
$1 16. Rfd1 (16. Bf5 Bxb5 17. Qxb5 g6 18. Bc2 (18. Bh3 {1-0 (60) Korobov,A 
(2547)-Yuferov,S (2407) Moscow 2007} Rfd8 {[%cal Yf6e4,Yc5c4]}) 18... Rfc8 19.
Qe2 Ne4 20. Bb2 c4 21. Rab1 Bb4 22. Ba1 Ndf6 $15 {1/2 (46) Vitiugov,N (2703)
-Wang,H (2739) St Petersburg 2012}) (16. Rfb1 g6 17. Qd1 Bxb5 18. Bxb5 c4 19.
Bxd6 Qxd6 20. Nd2 $1 Rfc8 21. Rc1 Kg7 22. Nb1 Nf8 $132 {1/2 (56) Beliavsky,A 
(2620)-Hracek,Z (2625) Polanica Zdroj 1996}) 16... Bxb5 17. Bxb5 c4 18. Bxd6
Qxd6 19. Qa3 Qe6 20. Qb4 Ra5 21. h3 h6 22. Rab1 Rfa8 23. Rdc1 Ne4 $132 {
0-1 (58) Kazhgaleyev,M (2594)-Neiksans,A (2628) Baku 2016}) 13... c6 {
Preventing White's plan but shutting in his own b7-bishop. White now obtains a
possibility to prepare and push e3-e4. Other popular moves:} (13... Ne4 {
(premature)} 14. Nxd5 Bxd5 15. Qxd5 Nc3 16. Qb3 Nxb1 17. Qxb1 h6 18. b5 axb5
19. axb5 Rfd8 20. e4 Nf8 21. e5 Ba3 22. Be3 Qb4 23. Qc2 $44 {0-1 (52)
Khismatullin,D (2658)-Dvoirys,S (2533) Ekaterinburg 2013}) (13... Rfe8 14. b5
axb5 15. axb5 Ne4 {(now possible)} (15... Qe6 $5 16. Ng5 Qe7 17. f4 Ba3 18. Bd2
h6 19. Nf3 Ne4 20. Bxe4 dxe4 21. Ne5 Nxe5 22. fxe5 Qe6 23. Be1 Bc1 24. Bf2 Qxb3
25. Rxb3 Ra3 26. Rxa3 Bxa3 27. Rb1 Ra8 $13 {1-0 (64) Korobov,A (2699)-Efimenko,
Z (2652) Konya 2015}) 16. Nxd5 $5 Bxd5 17. Qxd5 Nc3 18. Qb3 Nxb1 19. Qxb1 (19.
Bxb1 Nf6 20. e4 $1 Nxe4 21. Re1 Qe6 22. Qxe6 Rxe6 23. Bxe4 Ra1 24. Ng5 Re7 25.
Bxh7+ Kh8 26. Rf1 $13 {1-0 (50) Demuth,A (2515)-Navara,D (2751) Montpellier
2015}) 19... Nf6 {(that's the difference from 13...Ne4: e3-e4 has been
"prevented")} 20. e4 {(still!)} Nxe4 21. Re1 f5 22. Ng5 Kh8 (22... h6 $5 23.
Nxe4 fxe4 24. Bxe4 Qf6 25. Bb2 Rad8 $13 {R.Kasimdzhanov}) 23. Bxe4 Qf6 $1 24.
Qb3 (24. h4 fxe4 25. Rxe4 Qg6 $17 {0-1 (41) Onischuk,A (2641)-Kasimdzhanov,R 
(2674) Moscow 2002}) 24... h6 25. Nf7+ Kh7 26. Ng5+ $1 Kh8 $1 $11) 14. a5 (14.
Re1 Ne4 15. b5 Nxc3 16. Qxc3 cxb5 17. axb5 a5 18. Qb3 Nf6 19. Ra1 Ne4 $15 {
1/2 (45) Papa,S (2411)-Graf,A (2646) Germany 2004}) (14. Bf5 g6 15. Bh3 b5 16.
axb5 axb5 17. Ng5 Nb6 18. e4 dxe4 19. Re1 Qc7 20. Ncxe4 Nxe4 21. Rxe4 Nd5 22.
Bd2 Bxh2+ 23. Kh1 Bd6 $15 {0-1 (41) Pavlovic,M (2480)-Huzman,A (2475) Vrnjacka
Banja 1991}) (14. Nd2 a5 $1 15. bxa5 c5 (15... Rxa5 16. e4 dxe4 17. Ndxe4 c5
$11 18. d5 $6 Nxe4 19. Bxe4 {1/2 (26) Gajewski,G (2567)-Palac,M (2586) Zagreb
2011} Ba6 20. Rd1 f5 21. Bc2 c4 22. Qb2 Be5 $36) 16. a6 c4 17. axb7 cxb3 18.
bxa8=Q Rxa8 19. Rxb3 Bb4 20. Ndb1 g6 21. Ba3 Bxa3 22. Nxa3 Nf8 23. Nc2 Rc8 24.
Rfb1 Ne6 $11 {1/2 (43) Korobov,A (2671)-Babula,V (2572) Czechia 2012}) 14...
Rfb8 $146 {Hardly a successful novelty. The rook goes too far away from the
kingside.} (14... b5 15. Nd2 h6 16. Re1 $5 {[%cal Yh2h3,Ye3e4]} (16. e4 $143
dxe4 17. Ndxe4 Nxe4 18. Nxe4 Nf6 19. Re1 Bc8 20. Bd2 Be6 21. Qc2 Nxe4 22. Bxe4
Rac8 $11 {1/2 (31) Giorgadze,G (2610)-Wintzer,J (2351) Sanxenxo 2007})) (14...
bxa5 $5 15. bxa5 Rab8 16. Qa2 c5 17. Ba3 (17. Rxb7 $5 Rxb7 18. Nxd5 Nxd5 19.
Qxd5 Nf6 20. Qa2 $44) 17... c4 $1 (17... cxd4 18. Bxd6 Qxd6 19. exd4 Ne4 20.
Rfc1 Rfc8 21. Nd1 $14 {1-0 (34) Vitiugov,N (2604)-Iljin,A (2529) St Petersburg
2007}) 18. Bxd6 Qxd6 19. Bc2 g6 20. Rb2 Ba8 21. Rfb1 Rxb2 22. Rxb2 h6 23. h3
Rb8 $11 {0-1 (39) Milani,O (2071)-Sacerdotali,S (2144) Lechenicher
SchachServer 2011}) 15. axb6 {While Black is recapturing this pawn, White
pushes e3-e4.} Bc8 $6 (15... Nxb6 16. e4 $1 dxe4 17. Nxe4 $1 Nxe4 18. Re1 Nd5
19. Bxe4 Qc7 20. Bd2 $14) (15... a5 $5 16. Na4 $5 Bxb4 17. Bd2) 16. Qc2 $1 {
[%mdl 32]} Nxb6 (16... Bxb4 17. Na4 Nxb6 18. Ne5 Nxa4 19. Nxc6 Qe8 20. Rxb4
Rxb4 21. Nxb4 $14 {[%csl Ra6,Rd5]}) (16... Rxb6 17. Bd2 Rxb4 18. e4 $1 $36) 17.
e4 $1 dxe4 18. Nxe4 Nxe4 19. Bxe4 h6 20. Re1 $16 {[%csl Ra8,Rb8][%mdl 128]} Qc7
21. Bh7+ $1 {Better than} (21. Qxc6 Qxc6 22. Bxc6 Bb7) 21... Kf8 22. Ne5 $40
Nd5 (22... Be6 23. Ng6+ $1) 23. Nxf7 $1 {[%mdl 64]} Qxf7 24. Bg6 Bf5 (24... Qd7
25. Re8+ Qxe8 26. Bxe8 Kxe8 27. Qxc6+) 25. Bxf5 Nxb4 26. Qe4 Nd5 (26... Re8 27.
Be6 Qf6 $140 28. Rb3 $18) 27. Be6 Qf6 {It was relatively better (although
quite hopeless) to give up the exchange:} (27... Re8) 28. Rxb8+ Rxb8 29. Qh7 g5
30. Qg8+ 1-0